| 000 | 00468nam a22001697a 4500 | ||
|---|---|---|---|
| 003 | BD-DhUL | ||
| 005 | 20171121143538.0 | ||
| 008 | 171121s1889 ii ||||| |||| 00| 0 per d | ||
| 040 |
_aBD-DhUL _cBD-DhUL |
||
| 082 |
_a891.551 _bSAF |
||
| 100 | 0 | _aصرفی | |
| 245 | 0 |
_aفسانہ و امقو عزرا / _cصرفی |
|
| 260 |
_aلکھنو : _bمطبع منشی، _c۔۱۸۸۹ |
||
| 300 |
_aص۔ ۱۳۹ ؛ _c۲۲ سم۔ |
||
| 650 | 0 | _aPersian poetry | |
| 942 |
_2ddc _cBK |
||
| 999 |
_c232307 _d232307 |
||